[Event "Festival Magistrale"]
[Site "Caorle ITA"]
[Date "1989.07.??"]
[Round "8"]
[White "Ruzzier, Dario"]
[Black "Cecchetto, Vanni"]
[Result "1/2-1/2"]
[WhiteElo "1960"]
[BlackElo "1900"]
[PlyCount "62"]
[EventDate "1989.07.01"]

1. d4 Nf6 2. c4 c5 3. d5 e6 4. Nc3 exd5 5. cxd5 d6 6. e4 g6 7. Nf3 Bg7 8. Be2
O-O 9. O-O Na6 10. Nd2 Nc7 11. f4 Re8 12. Bf3 b5 13. e5 dxe5 14. d6 Qxd6 15.
Bxa8 Nxa8 16. Nxb5 Qb6 17. fxe5 c4+ 18. Kh1 Ng4 19. Nd6 Rxe5 20. N2xc4 Qd8 21.
Bf4 Rh5 22. Qf3 Be6 23. Rad1 Nc7 24. Nxf7 Qe7 25. Nfe5 Nd5 26. Bg3 Nxh2 27.
Bxh2 Qh4 28. Kg1 Qxh2+ 29. Kf2 Qh4+ 30. Kg1 Qh2+ 31. Kf2 Qh4+ 1/2-1/2

[Event "Festival Magistrale"]
[Site "Caorle ITA"]
[Date "1989.07.??"]
[Round "8"]
[White "Sgaravatti, Francesco"]
[Black "Cazzaniga, Walter"]
[Result "1-0"]
[WhiteElo "2085"]
[BlackElo "1940"]
[PlyCount "67"]
[EventDate "1989.07.01"]

1. e4 Nf6 2. e5 Nd5 3. d4 d6 4. Bc4 Nb6 5. Bb3 d5 6. f4 h5 7. Nf3 Bg4 8. O-O e6
9. Be3 Nc6 10. Nbd2 Ne7 11. h3 Nf5 12. Bf2 Be7 13. c3 Nd7 14. Bc2 Nf8 15. hxg4
hxg4 16. Bxf5 exf5 17. Ne1 Ng6 18. Nd3 Nxf4 19. Nxf4 g5 20. Nd3 Qd7 21. Qe2 Qe6
22. Bg3 O-O-O 23. Qf2 f4 24. Nxf4 gxf4 25. Qxf4 Rh5 26. Qxf7 Qh6 27. Bf4 Rh1+
28. Kf2 g3+ 29. Ke2 Qa6+ 30. Ke3 Rh2 31. Qxe7 Rxg2 32. c4 Qa5 33. Nb3 Qb6 34.
Bg5 1-0

[Event "Festival Magistrale"]
[Site "Caorle ITA"]
[Date "1989.07.??"]
[Round "8"]
[White "Sinadinovic, Andjelko"]
[Black "Barle, Janez"]
[Result "0-1"]
[WhiteElo "2340"]
[BlackElo "2430"]
[PlyCount "52"]
[EventDate "1989.07.01"]

1. d4 Nf6 2. c4 e6 3. Nf3 d5 4. Bg5 Bb4+ 5. Nbd2 dxc4 6. Qa4+ Nc6 7. e3 Qd5 8.
Bxf6 gxf6 9. Qc2 b5 10. a4 Ba6 11. axb5 Bxb5 12. Be2 Bxd2+ 13. Qxd2 O-O 14. O-O
Ne7 15. Qb4 Nf5 16. b3 Nd6 17. Rfc1 a5 18. Rxa5 Rxa5 19. Qxa5 cxb3 20. Bd1 b2
21. Rb1 Ra8 22. Qd2 Nc4 23. Qc3 Ra3 24. Bb3 Qe4 25. Qc2 Qxc2 26. Bxc2 Ra1 0-1

[Event "Festival Magistrale"]
[Site "Caorle ITA"]
[Date "1989.07.??"]
[Round "8"]
[White "Sinka, Brigitta"]
[Black "Glavan, Slavenko"]
[Result "1/2-1/2"]
[WhiteElo "2045"]
[BlackElo "2260"]
[PlyCount "113"]
[EventDate "1989.07.01"]

1. d4 Nf6 2. Nf3 d5 3. Bf4 c6 4. Nbd2 Nh5 5. e3 Nxf4 6. exf4 Qb6 7. b3 g6 8. c3
Bg7 9. Rc1 O-O 10. Bd3 c5 11. dxc5 Qxc5 12. Qc2 Nc6 13. O-O a6 14. b4 Qd6 15.
g3 Bh3 16. Rfe1 Rac8 17. Qb3 b5 18. a4 Rb8 19. axb5 axb5 20. Ng5 Bd7 21. Bf1 h6
22. Ngf3 Be6 23. Qd1 Rfc8 24. Qe2 Bg4 25. h3 Bxf3 26. Nxf3 e6 27. Ne5 d4 28.
Rcd1 Nxe5 29. fxe5 Qe7 30. cxd4 Qxb4 31. d5 exd5 32. Rxd5 Re8 33. Red1 Qc3 34.
R1d3 Qc7 35. f4 b4 36. Rb3 Bf8 37. Kh2 Rbd8 38. Bg2 Rxd5 39. Bxd5 Rd8 40. Rd3
Kg7 41. Bb3 Rxd3 42. Qxd3 Qc5 43. Kg2 Qc6+ 44. Qd5 Qxd5+ 45. Bxd5 Bc5 46. Kf3
Kf8 47. Ke4 Ke7 48. g4 f6 49. f5 gxf5+ 50. Kxf5 fxe5 51. Kxe5 Be3 52. Bb3 Bd2
53. h4 Kd8 54. Kf5 Kc7 55. g5 Bxg5 56. hxg5 hxg5 57. Kxg5 1/2-1/2

[Event "Festival Magistrale"]
[Site "Caorle ITA"]
[Date "1989.07.??"]
[Round "8"]
[White "Steiner, Darko"]
[Black "Drasko, Milan"]
[Result "0-1"]
[WhiteElo "2300"]
[BlackElo "2485"]
[PlyCount "64"]
[EventDate "1989.07.01"]

1. d4 e6 2. g3 d5 3. Bg2 Nf6 4. Nf3 Be7 5. O-O O-O 6. c4 c6 7. Qc2 b6 8. Nbd2
Bb7 9. Rd1 Na6 10. a3 c5 11. cxd5 Bxd5 12. e4 Bb7 13. e5 Nd5 14. Ne4 h6 15.
dxc5 Nxc5 16. Nxc5 Bxc5 17. b4 Be7 18. Bb2 Rc8 19. Qb3 Qc7 20. Rac1 Qb8 21. Nd2
Rxc1 22. Rxc1 Rc8 23. Rxc8+ Qxc8 24. Nc4 Qd7 25. h4 Bc6 26. Qd1 Qb7 27. Qd4 a5
28. bxa5 bxa5 29. Nd6 Qb8 30. Bf1 Qb3 31. Bc4 Qf3 32. Qd3 Ne3 0-1